000 01445cam a22003257a 4500
999 _c14502
_d14502
003 EG-ScBUE
005 20200120130841.0
008 100718s1992 ua f b 001 0 ara d
040 _aEG--SCBUE
_bara
_erda
_cEG--SCBUE
_dEG--SCBUE
082 0 4 _a892.71008
_bم ن ق
_222
100 1 _aابن منقذ، أسامة بن مرشد،‏
_d488-584 هـ.‏،
_eمؤلف.
_916388
245 1 2 _aالمنازل والديار /
_cتأليف أسامة بن منقذ 488-584 هـ. ؛ بتحقيق الأستاذ مصطفى حجازي.
250 _aالطبعة الثانية.
264 1 _aالقاهرة :
_bدار سعاد الصباح،
_c1992.
300 _a592 صفحة ؛
_c35 سم.
336 _2rdacontent
_aنص
_btxt
337 _2rdamedia
_aبدون وسيط
_bn
338 _2rdacarrier
_aمجلد
_bnc
490 0 _aالتراث ؛
_v2
500 _aيشتمل على كشافات.
504 _aيشتمل على إرجاعات ببليوجرافية.
541 _aألف باء ؛
_cشراء ؛
590 _aeman
600 _916391
_aابن منقذ الكناني، محب الدين أبو المظفر أسامة بن مرشد بن علي بن مقلد بن نصر الكلبي الشيرازي , (488- 584هـ)
650 7 _aشعر الرثاء
_vمجموعات.
_2BUEsh
_916389
653 _bARALIT
_cJanuary2020
655 _vReading book
700 1 _aحجازي، مصطفى،
_eمحقق.
_913376
942 _2ddc
_cBB